Sports Quiz

Random Sports or NFL Quiz
Score 0/15 Timer 04:00
1 Play Today
Starts Player % Correct
73Blake Bortles
93.3%
4Nick Foles
83.1%
12Gardner Minshew
82.6%
64Mark Brunell
78.2%
76David Garrard
76.9%
27Blaine Gabbert
71.8%
22Chad Henne
69.2%
44Byron Leftwich
68.3%
Starts Player % Correct
4Cody Kessler
28.2%
2Luke McCown
22.8%
4Quinn Gray
16.4%
1Trent Edwards
13.5%
1Todd Bouman
12.4%
1Jonathan Quinn
12.2%
1Jay Fiedler
10.5%
Remove Ads.
Support Sporcle.
Get the best of Sporcle when you Go Orange. This ad-free experience offers more features, more stats, and more fun while also helping to support Sporcle. Thank you for becoming a member.

You're not logged in!

Compare scores with friends on all Sporcle quizzes.
OR
Log In

Sporcle TV

Today on Sporcle TV


Watch our educational content, quiz creation guides, and fun videos on Sporcle TV.

Show Comments

Extras

Top Quizzes Today


Score Distribution

Paid Content

Your Account Isn't Verified!

In order to create a playlist on Sporcle, you need to verify the email address you used during registration. Go to your Sporcle Settings to finish the process.

Report this User

Report this user for behavior that violates our Community Guidelines.

Details: